| 000 | 00630nam a2200133Ia 4500 | ||
|---|---|---|---|
| 008 | 160809s9999 xx 000 0 und d | ||
| 100 | _aMamah, Vincent. | ||
| 245 | _aUNIVERSITY TEACHERS´ PERCEPTION OF INCLUSION OF VISUALLY IMPAIRED IN GHANAIAN UNIVERSITIES | ||
| 245 | _cVincent Mamah, Prosper Deku, Sharon M. Darling, Selete K. Avoke University of Education Winneba, University of Cape Coast, Florida Atlantic University, Bowie State University. | ||
| 260 | _bInternational Journal of Special Education | ||
| 260 | _c2011 | ||
| 650 | _xSPECIAL EDUCATION | ||
| 856 | _uhttp://www.internationaljournalofspecialed.com/issues.php | ||
| 999 |
_c300464 _d300464 |
||